[Event "Close encounters 2"]
[Site "SchemingMind.com"]
[Date "2019.06.01"]
[Round "-"]
[White "Wolli"]
[Black "cnile"]
[Result "1-0"]
[WhiteCountry "GER"]
[BlackCountry "SCO"]
[WhiteElo "1610"]
[WhiteRD "84"]
[BlackElo "1467"]
[BlackRD "58"]
[GameID "441946"]

1. c4 e6 2. g3 d5 3. cxd5 exd5 4. Bg2 Nf6 5. d4 c6 6. Nc3 Nbd7 7. Nf3 Be7 8. O-O O-O 9. e3 Re8 10. b3 Nf8
11. Bb2 h6 12. Rc1 Bd6 13. Na4 Bg4 14. Qd3 N6h7 15. Ne5 Be6 16. Nc5 Ng5 17. Nxe6 Ngxe6 18. a3 Qc7 19. b4 Bxe5 20. dxe5 Rad8
21. Qf5 Ng6 22. Rfd1 a6 23. f4 Qb6 24. Qd3 Ngf8 25. Bd4 Qc7 26. a4 Nxd4 27. exd4 Rc8 28. b5 axb5 29. axb5 Ne6 30. bxc6 bxc6
31. Bxd5 Qa5 32. Rxc6 Rxc6 33. Bxc6 Rc8 34. Bd7 Rc3 35. Qd2 Qa3 36. Bxe6 fxe6 37. d5 exd5 38. Qxd5+ Kh8 39. Qe4 Qa7+ 40. Kg2 Qc7
41. e6 Qe7 42. Rd7 Qe8 43. e7 Rc4 44. Qd3 Rc2+ 45. Kf3 Rc3 46. Qxc3 Qxd7 47. Qe3 Qc6+ 48. Kf2 Qe8 49. Qe6 Kh7 50. Qd6 Kg8
51. Qd8 Kf7 52. Qxe8+ Kxe8 53. Ke3 Kxe7 54. Ke4 Kf6 55. g4 g6 56. h3 g5 57. f5 Ke7 58. Ke5 Kf7 59. f6
1-0

[Event "Close encounters 2"]
[Site "SchemingMind.com"]
[Date "2019.06.01"]
[Round "-"]
[White "Wolli"]
[Black "ray winteringham"]
[Result "1-0"]
[WhiteCountry "GER"]
[BlackCountry "ENG"]
[WhiteElo "1593"]
[WhiteRD "85"]
[BlackElo "1466"]
[BlackRD "49"]
[GameID "441947"]

1. c4 b5 2. cxb5 Bb7 3. Nf3 c6 4. bxc6 Nxc6 5. Nc3 Nf6 6. e3 e6 7. d4 Bd6 8. Be2 h6 9. O-O O-O 10. b3 Qc7
11. Nb5 Qb8 12. Nxd6 Qxd6 13. a3 Ne7 14. Bd2 Ng4 15. Bb4 Qc7 16. Rc1 Qb8 17. Ne5 Nxe5 18. dxe5 Qxe5 19. Bxe7 Rfe8 20. Qxd7 Bd5
21. b4 Qe4 22. Bf3 Qg6 23. Bxd5 exd5 24. Bc5 a6 25. Qxd5 Red8 26. Qc4 Rac8 27. Qf4 Rd2 28. Rfd1 Ra2 29. Ra1 Rb2 30. Qd4 Qc2
31. Qf4 Ra2 32. Qg4 Qxf2+ 33. Kh1 Kh7 34. Bd4 f6 35. Rxa2 Rc2 36. Qe4+
1-0

[Event "Close encounters 2"]
[Site "SchemingMind.com"]
[Date "2019.06.01"]
[Round "-"]
[White "Chessibelle"]
[Black "Wolli"]
[Result "0-1"]
[WhiteCountry "ENG"]
[BlackCountry "GER"]
[WhiteElo "1143"]
[WhiteRD "55"]
[BlackElo "1593"]
[BlackRD "85"]
[GameID "441948"]

1. Nf3 Nf6 2. d4 d5 3. Nc3 e6 4. Bd2 Be7 5. e3 O-O 6. g3 b6 7. a3 Bb7 8. Be2 Nbd7 9. O-O c5 10. Ng5 h6
11. Nh3 cxd4 12. exd4 Rc8 13. Nb5 a6 14. Nc3 b5 15. b4 Nb6 16. Be3 Nc4 17. Bf4 Bd6 18. Qc1 Bxf4 19. Nxf4 e5 20. Nd1 exf4
21. Qxf4 Qd6 22. Qf3 Nd2 23. Qg2 Nxf1 24. Bxf1 Rxc2 25. Qf3 Rd2 26. Qe3 Rc2 27. Bd3 Rc7 28. f4 Re8 29. Qd2 Ne4 30. Qe3 Nf6
31. Qd2 Rce7 32. Ne3 Rxe3 33. Bc2 Re2 34. Qc3 Ne4 35. Qf3 Rxc2 36. Qd3 Rc3 37. Qe2 Rec8 38. Kg2 Rc2 39. Kf3 Rxe2 40. Kxe2 Qc6
41. Rf1 Qc2+ 42. Kf3 Rc3+ 43. Kg4 Bc8+ 44. f5 Qe2+ 45. Kh4 Qxh2+ 46. Kg4 Qxg3+ 47. Kh5 Qg5#
0-1

[Event "Close encounters 2"]
[Site "SchemingMind.com"]
[Date "2019.06.01"]
[Round "-"]
[White "Wolli"]
[Black "maro"]
[Result "1-0"]
[WhiteCountry "GER"]
[BlackCountry "MEX"]
[WhiteElo "1628"]
[WhiteRD "88"]
[BlackElo "1465"]
[BlackRD "63"]
[GameID "441950"]

1. c4 g5 2. g3 e6 3. Bg2 c6 4. Nc3 Bg7 5. Nf3 h6 6. d4 Ne7 7. O-O b6 8. Rb1 d5 9. cxd5 cxd5 10. e3 Nbc6
11. a3 Ba6 12. Re1 Ng6 13. b4 Bc4 14. Nd2 Bd3 15. Ra1 h5 16. Nf3 Be4 17. Nxe4 dxe4 18. Nd2 f5 19. Bb2 h4 20. Rc1 Qd7
21. Nc4 O-O-O 22. Bf1 hxg3 23. fxg3 Rh7 24. d5 exd5 25. Bxg7 Qxg7 26. Nd2 Kb7 27. Qa4 Rc8 28. Ba6+ Kb8 29. Bxc8 Qh6 30. Nf1 Nge5
31. Re2 Nf3+ 32. Kh1 Rc7 33. Bxf5 Qf6 34. Bg4 Nfe5 35. Bh3 Qf3+ 36. Rg2 g4 37. Bxg4 Qxg4 38. b5 Nd4 39. Rxc7 Kxc7 40. Qxa7+ Kd6
41. Qxb6+ Ke7 42. Qxd4 Nf3 43. Qxd5 Ne1 44. Qe5+ Kf7 45. Qf4+ Qxf4 46. gxf4
1-0

[Event "Close encounters 2"]
[Site "SchemingMind.com"]
[Date "2019.06.01"]
[Round "-"]
[White "Phillip Beckett"]
[Black "Wolli"]
[Result "1-0"]
[WhiteCountry "ENG"]
[BlackCountry "GER"]
[WhiteElo "1571"]
[WhiteRD "51"]
[BlackElo "1593"]
[BlackRD "85"]
[GameID "441951"]

1. d4 d5 2. c4 e6 3. Nc3 Be7 4. Nf3 Nf6 5. Bg5 h6 6. Bh4 O-O 7. e3 b6 8. Bd3 dxc4 9. Bxc4 Nbd7 10. O-O Bb7
11. Qc2 c5 12. dxc5 Nxc5 13. Rad1 Qc7 14. Bg3 Qc6 15. Bb5 Qc8 16. Be2 Nce4 17. Bd3 Nxg3 18. hxg3 Rd8 19. Ne5 Qc5 20. Nf3 Nd5
21. Nxd5 Qxc2 22. Nxe7+ Kf8 23. Ng6+ fxg6 24. Bxc2 Rdc8 25. Bb3 Ba6 26. Rfe1 Rc6 27. Rd7 Bb5 28. Red1 Rc5 29. Rd8+ Rxd8 30. Rxd8+ Ke7
31. Rd1 a5 32. Nd4 Ba6 33. Kh2 e5 34. Nf3 e4 35. Nd4 Bd3 36. Rd2 Kd6 37. Bc2
1-0

[Event "Close encounters 2"]
[Site "SchemingMind.com"]
[Date "2019.06.01"]
[Round "-"]
[White "Wolli"]
[Black "Mihir Chandrashekhar"]
[Result "0-1"]
[WhiteCountry "GER"]
[BlackCountry "IND"]
[WhiteElo "1593"]
[WhiteRD "85"]
[BlackElo "1854"]
[BlackRD "54"]
[GameID "441953"]

1. c4 c5 2. g3 Nc6 3. Bg2 Nf6 4. Nf3 e6 5. O-O Be7 6. Nc3 O-O 7. d4 cxd4 8. Nxd4 a6 9. b3 Qc7 10. Nxc6 dxc6
11. Bb2 Bd7 12. Qc2 c5 13. Ne4 Nxe4 14. Qxe4 Bc6 15. Qg4 e5 16. Bxc6 Qxc6 17. Bxe5 f6 18. Bc3 Rad8 19. Rad1 Rd6 20. Rxd6 Qxd6
21. e3 Rd8 22. Qe4 b5 23. cxb5 axb5 24. Re1 b4 25. Qc4+ Kf8 26. Ba1 Qd2 27. Qe2 Qxe2
0-1

[Event "Close encounters 2"]
[Site "SchemingMind.com"]
[Date "2019.06.03"]
[Round "-"]
[White "AndySaffle"]
[Black "Mitch The Man"]
[Result "1-0"]
[WhiteCountry "USA"]
[BlackCountry "USA"]
[WhiteElo "1584"]
[WhiteRD "136"]
[BlackElo "1317"]
[BlackRD "64"]
[GameID "442069"]

1. d4 d5 2. c4 Bf5 3. Nc3 dxc4 4. e4 Bg6 5. Bxc4 e6 6. Nf3 Bb4 7. Qc2 Bxc3+ 8. bxc3 Ne7 9. O-O O-O 10. Bd3 Re8
11. e5 Bxd3 12. Qxd3 a6 13. Ng5 b5 14. Qxh7+ Kf8 15. Qh8+ Ng8 16. Ba3+
1-0

[Event "Close encounters 2"]
[Site "SchemingMind.com"]
[Date "2019.06.03"]
[Round "-"]
[White "Wolli"]
[Black "AndySaffle"]
[Result "1/2-1/2"]
[WhiteCountry "GER"]
[BlackCountry "USA"]
[WhiteElo "1610"]
[WhiteRD "84"]
[BlackElo "1635"]
[BlackRD "124"]
[GameID "442070"]

1. c4 e5 2. g3 Nf6 3. Bg2 Bc5 4. e3 Nc6 5. a3 a6 6. Ne2 d6 7. O-O O-O 8. Nbc3 Bg4 9. Qe1 Qd7 10. Ne4 Nxe4
11. Bxe4 Rab8 12. Nc3 Ne7 13. Nd5 c6 14. Nxe7+ Qxe7 15. b4 Ba7 16. Bb2 Qe6 17. d3 d5 18. cxd5 cxd5 19. Bg2 Rbc8 20. Rc1 Rxc1
21. Qxc1 Rc8 22. Qd2 f6 23. Rc1= Rxc1+ 24. Qxc1 Qd7 25. Qc2 Be6 26. a4 b5 27. a5 Bb8 28. d4 e4 29. f3 exf3 30. Bxf3 Bd6
31. Bc3 Qc6 32. Qb3 f5 33. Kg2 g5 34. Kf2 g4 35. Bg2 h5=
1/2-1/2

[Event "Close encounters 2"]
[Site "SchemingMind.com"]
[Date "2019.06.03"]
[Round "-"]
[White "AndySaffle"]
[Black "maro"]
[Result "1-0"]
[WhiteCountry "USA"]
[BlackCountry "MEX"]
[WhiteElo "1708"]
[WhiteRD "109"]
[BlackElo "1439"]
[BlackRD "67"]
[GameID "442071"]

1. d4 d5 2. e3 Nf6 3. Nf3 Bg4 4. Be2 e6 5. O-O Bd6 6. Nbd2 O-O 7. b3 Nc6 8. Bb2 e5 9. dxe5 Bxe5 10. Nxe5 Nxe5
11. Bxe5 Bxe2 12. Qxe2 Re8 13. Bxf6 Qxf6 14. Qb5 b6 15. Nf3 a6 16. Qxd5 Rad8 17. Qc4 Rd7 18. Qxa6 Rd5 19. Rad1 Ra5 20. Qb7 g5
21. Qxc7 g4 22. Nd4 Rc5 23. Qd7 Rd8 24. Qxg4+ Rg5 25. Qf3 Qg6 26. Rd3 Rd6 27. Rfd1 Rf6 28. Qa8+ Kg7 29. g3 Qh5 30. Qg2 Qh6
31. Nf3 Rgf5 32. Rd5 Rxf3 33. Rd8 Rxf2 34. Qxf2 Rxf2 35. Kxf2 Qxh2+ 36. Kf3 Qxc2 37. R1d2 Qf5+ 38. Kg2 Kg6 39. R2d6+ Kg7 40. Rd2 h6
41. R8d5 Qe4+ 42. Kf2 f6 43. Rd7+ Kg6 44. R7d4 Qf5+ 45. Kg2 h5 46. Rf4 Qg5 47. Rdf2 Qd5+ 48. Kh3 Qe6+ 49. Kh2 Kg7 50. e4 Qg8=
51. Rxf6 Kh7 52. Rf7+ Kg6 53. Rf8 Qe6 54. R8f6+
1-0

[Event "Close encounters 2"]
[Site "SchemingMind.com"]
[Date "2019.06.03"]
[Round "-"]
[White "Phillip Beckett"]
[Black "AndySaffle"]
[Result "1/2-1/2"]
[WhiteCountry "ENG"]
[BlackCountry "USA"]
[WhiteElo "1571"]
[WhiteRD "51"]
[BlackElo "1584"]
[BlackRD "136"]
[GameID "442072"]

1. d4 d5 2. c4 c6 3. cxd5 cxd5 4. Nf3 Nf6 5. Nc3 Nc6 6. Bg5 e6 7. e3 Be7 8. Bd3 O-O 9. a3 h6 10. Bh4 b6
11. Bc2 Ba6 12. b4 Bc4 13. Nd2 a6 14. Nxc4 dxc4 15. O-O b5 16. Qf3 Qd7 17. Rfd1 Rfd8 18. Ne4 Nxe4 19. Bxe7 Nxe7 20. Qxe4 f5
21. Qe5 Ng6 22. Qg3 Qf7 23. Qf3 Ra7 24. Qc6 Qd7 25. Qxd7 Raxd7 26. Kf1 Ne7 27. Rac1 Nd5 28. Bb1 e5 29. Bxf5 Rd6 30. Ke1 exd4
31. Rxd4 Nb6 32. Rxd6 Rxd6 33. Rd1 Rxd1+ 34. Kxd1 Kf7 35. Be4 Nd7 36. Bd5+ Kf6 37. Bc6 Nb8 38. Be8 Ke5 39. Kc2 g5 40. Kc3 Ke4
41. Bg6+ Ke5 42. Bh5 Kd5 43. Be2 Ke5 44. a4 Kd5 45. axb5 axb5 46. Bh5 Na6 47. Be8 Nc7 48. Bd7 Ke5 49. f3 Kd6 50. Bf5 Ke5
51. Bd7 Kd6 52. Bf5 Ke5=
1/2-1/2

[Event "Close encounters 2"]
[Site "SchemingMind.com"]
[Date "2019.06.03"]
[Round "-"]
[White "AndySaffle"]
[Black "Chessibelle"]
[Result "1-0"]
[WhiteCountry "USA"]
[BlackCountry "ENG"]
[WhiteElo "1584"]
[WhiteRD "136"]
[BlackElo "1143"]
[BlackRD "55"]
[GameID "442074"]

1. d4 d5 2. c4 Be6 3. cxd5 Qxd5 4. Nc3 Qd8 5. Nf3 Nf6 6. Bg5 Bd7 7. e4 g6 8. Bc4 e6 9. e5 h6 10. Bxf6 Be7
11. Bxh8 Nc6 12. O-O Bf8 13. Bf6 Ne7 14. Ne4 c6 15. Nd6#
1-0

[Event "Close encounters 2"]
[Site "SchemingMind.com"]
[Date "2019.06.04"]
[Round "-"]
[White "AndySaffle"]
[Black "Mihir Chandrashekhar"]
[Result "0-1"]
[WhiteCountry "USA"]
[BlackCountry "IND"]
[WhiteElo "1584"]
[WhiteRD "136"]
[BlackElo "1854"]
[BlackRD "54"]
[GameID "442075"]

1. d4 Nf6 2. c4 e6 3. Nf3 b6 4. a3 Bb7 5. Nc3 Be7 6. Bg5 d5 7. e3 O-O 8. Be2 h6 9. Bh4 c5 10. O-O dxc4
11. Bxc4 cxd4 12. exd4 Nc6 13. Re1 Na5 14. Ba2 Nd5 15. Bxe7 Nxe7 16. b4 Rc8 17. Qd3 Bxf3 18. bxa5 Ba8 19. axb6 Qxb6 20. Rab1 Qc6
21. d5 Qxc3 22. Qxc3 Rxc3 23. dxe6 Bd5 24. exf7+ Rxf7 25. Rxe7 Bxa2 26. Re8+ Rf8 27. Rxf8+ Kxf8
0-1

[Event "Close encounters 2"]
[Site "SchemingMind.com"]
[Date "2019.06.03"]
[Round "-"]
[White "grabapawn"]
[Black "AndySaffle"]
[Result "1-0"]
[WhiteCountry "USA"]
[BlackCountry "USA"]
[WhiteElo "1465"]
[WhiteRD "54"]
[BlackElo "1584"]
[BlackRD "136"]
[GameID "442076"]

1. d4 d5 2. Bf4 Nf6 3. e3 Nbd7 4. c3 e6 5. Nf3 Be7 6. Bd3 O-O 7. h4 b6 8. Ng5 h6 9. Bc2 hxg5 10. hxg5 Re8
11. gxf6 Nxf6 12. Bh7+ Kf8 13. Bd3 Bd6 14. Bg5 Ke7 15. Nd2 Rh8 16. Rh4 Rxh4 17. Bxh4 Qh8 18. g3 Bd7 19. Nf3 c5 20. Ne5 Bxe5
21. dxe5
1-0

[Event "Close encounters 2"]
[Site "SchemingMind.com"]
[Date "2019.06.03"]
[Round "-"]
[White "AndySaffle"]
[Black "cnile"]
[Result "1-0"]
[WhiteCountry "USA"]
[BlackCountry "SCO"]
[WhiteElo "1584"]
[WhiteRD "136"]
[BlackElo "1441"]
[BlackRD "61"]
[GameID "442077"]

1. d4 d5 2. c4 e6 3. Nc3 Nf6 4. Nf3 c6 5. Bf4 dxc4 6. a4 Bb4 7. Qc2 a6 8. e3 O-O 9. Bxc4 Nbd7 10. O-O Be7
11. b3 Nb6 12. Bd3 Nbd5 13. Nxd5 exd5 14. h3 h6 15. Ne5 Be6 16. Rac1 Ne4 17. f3 Bh4 18. fxe4 dxe4 19. Bxe4 Rc8 20. Bf5 Bxf5
21. Qxf5 Bf6 22. Ng4 Qd5 23. Qxd5 cxd5 24. Nxf6+ gxf6 25. Bxh6 Rfe8 26. Rxc8 Rxc8 27. Rxf6 Rc3 28. Rb6 Rc7 29. Bf4 Rd7 30. Rd6
1-0

[Event "Close encounters 2"]
[Site "SchemingMind.com"]
[Date "2019.06.03"]
[Round "-"]
[White "AndySaffle"]
[Black "ray winteringham"]
[Result "1-0"]
[WhiteCountry "USA"]
[BlackCountry "ENG"]
[WhiteElo "1584"]
[WhiteRD "136"]
[BlackElo "1466"]
[BlackRD "49"]
[GameID "442078"]

1. d4 d5 2. c4 e6 3. Nc3 Nc6 4. Nf3 Nf6 5. Bg5 Be7 6. e3 h6 7. Bh4 b6 8. Be2 Bb7 9. O-O Qd6 10. Bg3 Qd7
11. Nb5 Bd8 12. Ne5 Qe7 13. Nxc6 Bxc6 14. Nxc7+ Bxc7 15. Bxc7 Qxc7 16. Rc1 Qd7 17. cxd5 Qxd5 18. Bf3 Ne4 19. Qc2 Rc8 20. Bxe4 Qd6
21. Bxc6+ Ke7 22. Qe4 Rc7 23. Ba4 Rcc8 24. Rxc8 Rxc8 25. Qh4+ f6 26. Qg3 Qb4 27. Qxg7+
1-0

[Event "Close encounters 2"]
[Site "SchemingMind.com"]
[Date "2019.06.09"]
[Round "-"]
[White "Mitch The Man"]
[Black "Piotr Krol"]
[Result "1-0"]
[WhiteCountry "USA"]
[BlackCountry "POL"]
[WhiteElo "1391"]
[WhiteRD "64"]
[BlackElo "1223"]
[BlackRD "97"]
[GameID "442201"]

1. e4 c6 2. d4 d5 3. e5 c5 4. Bb5+ Bd7 5. Bxd7+ Nxd7 6. Ne2 e6 7. O-O cxd4 8. Qxd4 Bc5 9. Qf4 Qc7 10. c3 Qxe5
11. Qf3 Ngf6 12. Bf4 Qe4 13. Qxe4 Nxe4 14. b4 Bb6 15. Be3 Bxe3 16. fxe3 Ne5 17. Rd1
1-0

[Event "Close encounters 2"]
[Site "SchemingMind.com"]
[Date "2019.06.09"]
[Round "-"]
[White "Piotr Krol"]
[Black "cnile"]
[Result "0-1"]
[WhiteCountry "POL"]
[BlackCountry "SCO"]
[WhiteElo "1223"]
[WhiteRD "97"]
[BlackElo "1467"]
[BlackRD "58"]
[GameID "442202"]

1. d4 Nf6 2. Bf4 d6 3. e3 g6 4. c4 Bg7 5. Nc3 Nbd7 6. Nf3 c6 7. Be2 b6 8. O-O O-O 9. Rc1 Bb7 10. b4 c5
11. dxc5 dxc5 12. b5 Re8 13. Nd5 Nxd5 14. cxd5 Nf6 15. d6 exd6 16. Qxd6 Qxd6 17. Bxd6 Rac8 18. Bc4 Re4 19. Rfd1 Rce8
0-1

[Event "Close encounters 2"]
[Site "SchemingMind.com"]
[Date "2019.06.09"]
[Round "-"]
[White "Piotr Krol"]
[Black "Wolli"]
[Result "0-1"]
[WhiteCountry "POL"]
[BlackCountry "GER"]
[WhiteElo "1223"]
[WhiteRD "97"]
[BlackElo "1610"]
[BlackRD "84"]
[GameID "442203"]

1. d4 d5 2. Bf4 Nf6 3. e3 e6 4. Bd3 Be7 5. Nd2 O-O 6. Qf3 b6 7. Qh3 Nbd7 8. Be5 Bd6 9. f4 Qe7 10. g4 g6
0-1

[Event "Close encounters 2"]
[Site "SchemingMind.com"]
[Date "2019.06.09"]
[Round "-"]
[White "maro"]
[Black "Piotr Krol"]
[Result "1-0"]
[WhiteCountry "MEX"]
[BlackCountry "POL"]
[WhiteElo "1454"]
[WhiteRD "63"]
[BlackElo "1223"]
[BlackRD "97"]
[GameID "442204"]

1. d4 d5 2. c4 c5 3. e3 cxd4 4. exd4 Nf6 5. Nc3 Nc6 6. Bg5 dxc4 7. d5 Nb4 8. Bxf6 gxf6 9. Bxc4 Bf5 10. a3 Nc2+
11. Kd2 Bh6+ 12. Ke2 Nxa1 13. Qxa1 Qc7 14. Bb3 Qe5+ 15. Kf1 Bd3+ 16. Nge2 Bd2 17. Ba4+ Kf8 18. Qd1 Bxc3 19. Qxd3 Bxb2 20. f4
1-0

[Event "Close encounters 2"]
[Site "SchemingMind.com"]
[Date "2019.06.09"]
[Round "-"]
[White "Piotr Krol"]
[Black "Phillip Beckett"]
[Result "1-0"]
[WhiteCountry "POL"]
[BlackCountry "ENG"]
[WhiteElo "1679"]
[WhiteRD "182"]
[BlackElo "1571"]
[BlackRD "51"]
[GameID "442205"]

1. d4 d5 2. Bf4 e6 3. e3 c5 4. c3 Nc6 5. Nd2 Nf6 6. Bd3 cxd4 7. exd4 Bd6 8. Bg3 O-O 9. Ngf3 Qe7 10. Ne5 Bxe5
11. dxe5 Nd7 12. O-O Ndxe5 13. Bxe5 Nxe5 14. Bxh7+ Kxh7 15. Qh5+ Kg8 16. Qxe5 Qc5 17. Ne4 Bd7 18. Nxc5
1-0

[Event "Close encounters 2"]
[Site "SchemingMind.com"]
[Date "2019.06.09"]
[Round "-"]
[White "Chessibelle"]
[Black "Piotr Krol"]
[Result "0-1"]
[WhiteCountry "ENG"]
[BlackCountry "POL"]
[WhiteElo "1143"]
[WhiteRD "55"]
[BlackElo "1679"]
[BlackRD "182"]
[GameID "442207"]

1. Nf3 d5 2. d4 c5 3. e3 Nc6 4. Bb5 Bg4 5. Nbd2 e6 6. O-O Nf6 7. a4 a6 8. Be2 Bd6 9. g3 O-O 10. c3 cxd4
11. Nb3 dxe3 12. Bxe3 Rc8 13. Bd3 e5 14. Nc5 e4 15. Nxb7 Bxf3 16. Qc2 exd3 17. Qxd3 Ne5 18. Qxa6 Qd7 19. Qb6 Qh3
0-1

[Event "Close encounters 2"]
[Site "SchemingMind.com"]
[Date "2019.06.09"]
[Round "-"]
[White "Mihir Chandrashekhar"]
[Black "Piotr Krol"]
[Result "1-0"]
[WhiteCountry "IND"]
[BlackCountry "POL"]
[WhiteElo "1934"]
[WhiteRD "50"]
[BlackElo "1223"]
[BlackRD "97"]
[GameID "442208"]

1. d4 d5 2. c4 c5 3. Nf3 e6 4. cxd5 exd5 5. g3 Nc6 6. Bg2 Nf6 7. Nc3 Bg4 8. Bg5 Bxf3 9. Bxf3 cxd4 10. Nxd5 Be7
11. Nxe7 Qxe7 12. O-O O-O 13. Bxc6 bxc6 14. Qxd4 Rfd8 15. Bxf6 Qxf6 16. Qxf6 gxf6 17. Rfd1 Rab8 18. b3 Kf8 19. Kf1 Ke7 20. Rac1 Rd6
21. Rxd6 Kxd6 22. Rc4 Rb5 23. Kg2 Re5 24. Kf3 h5 25. Ra4 a5 26. Re4 Rd5 27. Ke3 f5 28. Rd4 Kc5 29. Rxd5+ cxd5 30. a3 d4+
31. Kf4 d3 32. exd3 Kd4 33. Kxf5
1-0

[Event "Close encounters 2"]
[Site "SchemingMind.com"]
[Date "2019.06.09"]
[Round "-"]
[White "Piotr Krol"]
[Black "grabapawn"]
[Result "0-1"]
[WhiteCountry "POL"]
[BlackCountry "USA"]
[WhiteElo "1223"]
[WhiteRD "97"]
[BlackElo "1503"]
[BlackRD "51"]
[GameID "442211"]

1. d4 d6 2. Bf4 Nf6 3. e3 Nbd7 4. Nd2 e5 5. dxe5 dxe5 6. Bg5 Be7 7. e4 h6 8. Bh4 c6 9. Bc4 g5 10. Bg3 Qc7
11. Qe2 Nf8 12. Ngf3 Ng6 13. O-O-O b5 14. Bb3 a5 15. a3 a4 16. Ba2 Ba6 17. c4 b4 18. axb4 Bxb4 19. h4 Nf4 20. Bxf4 exf4
21. hxg5 Ng4
0-1

[Event "Close encounters 2"]
[Site "SchemingMind.com"]
[Date "2019.06.09"]
[Round "-"]
[White "ray winteringham"]
[Black "Piotr Krol"]
[Result "1-0"]
[WhiteCountry "ENG"]
[BlackCountry "POL"]
[WhiteElo "1498"]
[WhiteRD "49"]
[BlackElo "1223"]
[BlackRD "97"]
[GameID "442212"]

1. e4 c6 2. Nf3 d5 3. exd5 cxd5 4. d4 Nc6 5. Bb5 Qb6 6. a4 Bg4 7. c3 Nf6 8. h3 Bh5 9. g4 Bg6 10. b4 e6
11. O-O a6 12. Bxc6+ Qxc6 13. Bb2 Bd6 14. Nbd2 Bd3 15. Re1 O-O 16. Nb3 Be4 17. Qe2 Rac8 18. Na5 Qc7 19. Nb3 Rfe8 20. Nbd2 Bc2
21. Nf1 Bb3 22. Reb1 Bc4 23. Qd2 Ne4 24. Qc2 Bxf1 25. Kxf1 Bxb4 26. Ba3 Qxc3 27. Qxc3
1-0